[Event "Bogota Torneo Distrital"]
[Site "Bogota"]
[Date "2010.04.02"]
[Round "4"]
[White "Salcedo, Diana"]
[Black "Forero, Nelson"]
[Result "1-0"]
[WhiteElo "1985"]
[BlackElo "1600"]
[PlyCount "99"]
[EventDate "2010.03.31"]
[EventType "swiss"]
[EventRounds "7"]
[EventCountry "COL"]
[SourceTitle "EXT 2024"]
[Source "ChessBase"]
[SourceDate "2023.10.10"]
[SourceVersion "1"]
[SourceVersionDate "2023.10.10"]
[SourceQuality "1"]

1. c4 Nf6 2. Nc3 e6 3. e4 d6 4. d4 Be7 5. Nf3 c5 6. Be2 0-0 7. Bg5 h6 8. Bh4 Nc6 9. 0-0 e5 10. dxe5 dxe5 11. Qxd8 Rxd8 12. h3 a6 13. Bxf6 Bxf6 14. Na4 Nd4 15. Nxd4 cxd4 16. Nb6 Rb8 17. b4 Be6 18. Bd3 g5 19. c5 Re8 20. Bc4 Bd8 21. Bxe6 Rxe6 22. Nd5 b6 23. Rab1 bxc5 24. bxc5 Rxb1 25. Rxb1 Kg7 26. Rb8 Ba5 27. Rc8 d3 28. Kf1 h5 29. c6 g4 30. f3 g3 31. Ne3 Kf6 32. Nd5+ Kg7 33. c7 Rc6 34. Rg8+ Kxg8 35. Ne7+ Kg7 36. Nxc6 Bxc7 37. Nb4 d2 38. Ke2 a5 39. Nd5 Bd8 40. Kxd2 Kg6 41. a4 f5 42. Kd3 h4 43. Ne3 f4 44. Nd5 Kf7 45. Kc4 Ke6 46. Kb5 Kd6 47. Nb6 Bc7 48. Nc4+ Kd7 49. Nxa5 Bxa5 50. Kxa5 1-0